000 00507nam a22001577a 4500
003 OSt
005 20151117145139.0
008 151117b xxu||||| |||| 00| 0 eng d
040 _cRUA
082 _aFIS ម៉ែន 1992 B146 Or.1
100 _93799
_aម៉ែន សុខា
245 _aInundated forest in pursat province, ព្រៃលិចទឹកក្នុងខេត្តពោធិសាត់.
260 _aPhnom Penh
_bRUA
_c1992
300 _a122p.
_bill.
_c29cm.
942 _2ddc
_cFIS
999 _c3532
_d3532